| 000 | 00445cam a22001697a 4500 | ||
|---|---|---|---|
| 008 | 180718b1952 xxu||||| |||| 00| 0 eng d | ||
| 082 | _aD21 H319 | ||
| 100 | _aHawtrey, R.G. | ||
| 245 |
_aEconomic aspects of sovereignty _cby R.G. Hawtrey |
||
| 250 | _a2nd ed. | ||
| 260 |
_aLondon _bLongmans _c1952 |
||
| 300 | _a191p. | ||
| 650 | _aWar --Economic aspects | ||
| 650 | _aWorld politics | ||
| 650 | _aEconomic history | ||
| 650 | _aSovereignty | ||
| 999 |
_c367912 _d367912 |
||